Alternative Dispute Resolution in the Slovak Republic and the Czech Republic

Analýza miery využitia alternatívneho riešenia spotrebiteľských sporov (ARS) v rokoch 2017 – 2019. Výsledky alternatívneho riešenia spotrebiteľských sporov. Subjekty alternatívneho riešenia sporov, dôvody zamietnutia žiadosti, ukončenie a pozastavenie alternatívneho riešenia sporov.

Salvato in:
Dettagli Bibliografici
Autore principale: Vačoková, Lenka, 1983-
Natura: Capitolo di libro
Lingua:inglese
Soggetti:
Tags: Aggiungi Tag
Nessun Tag, puoi essere il primo ad aggiungerne!!

MARC

LEADER 00000naa a2200000 4500
001 0280619
005 20240502074345.3
041 0 |a eng 
044 |a SK 
245 1 0 |a Alternative Dispute Resolution in the Slovak Republic and the Czech Republic  |c Lenka Vačoková 
520 |a Analýza miery využitia alternatívneho riešenia spotrebiteľských sporov (ARS) v rokoch 2017 – 2019. Výsledky alternatívneho riešenia spotrebiteľských sporov. Subjekty alternatívneho riešenia sporov, dôvody zamietnutia žiadosti, ukončenie a pozastavenie alternatívneho riešenia sporov. 
610 2 0 |a spotrebitelia 
610 2 0 |a Česko 
610 2 0 |a Slovensko 
100 1 |a Vačoková, Lenka, 1983-